00158nam a2200073Ia 4500082000800000245001500008100002000023008004100043 aABR 0aHard rain  aAbrahams, Peter210825s9999 xx 000 0 und d